| 000 | 00632nam a2200229Ia 4500 | ||
|---|---|---|---|
| 003 | OSt | ||
| 005 | 20250710192902.0 | ||
| 008 | 210423s2007 xx 000 0 und d | ||
| 020 | _a9788190496018 | ||
| 040 | _cAL | ||
| 041 | _aEnglish | ||
| 082 |
_a070.4 _bDIXI |
||
| 100 |
_aDixit S N _977313 |
||
| 245 | _aIntroduction to journalism and mass communication | ||
| 260 |
_aNew Delhi _bPearl Books _c2007 |
||
| 300 |
_a304p. _bPB _c22.5x14.5cm. |
||
| 365 |
_b790 _cINR |
||
| 650 |
_aJournalism _977314 |
||
| 650 |
_aJournalism & Media _977315 |
||
| 906 | _acommunication. ; Introduction ; journalism ; mass | ||
| 942 |
_2ddc _cBK |
||
| 999 |
_c155776 _d155776 |
||